00337 2200145 4500245004900000250001100049100002400060650001600084650001700100005001900117260001800136041001400154084001400168336000900182 aSeutas Tali KusutcMuhammad AlfiansyahhText aCet. 1 aMuhammad Alfiansyah aKarya Siswa aAutobiografi a20250522113753 aJakartac2025 aIndonesia a081 MUH s atext